Normal view
MARC view
- Holt, Daniel J
Entry Personal Name
001 - CONTROL NUMBER
- control field: 67976
003 - CONTROL NUMBER IDENTIFIER
- control field: NUST
005 - DATE AND TIME OF LATEST TRANSACTION
- control field: 20210628203940.0
008 - FIXED-LENGTH DATA ELEMENTS
- fixed length control field: 210628|| aca||aabn | a|a d
040 ## - CATALOGING SOURCE
- Original cataloging agency: NUST
- Transcribing agency: NUST
100 ## - HEADING--PERSONAL NAME
- Personal name: Holt, Daniel J
670 ## - SOURCE DATA FOUND
- Source citation: Work cat.: (NUST): Holt, Daniel J, Hydrogen and its future as a transportation fuel, 2003
